<?xml version="1.0" encoding="UTF-8"?>
<record
    xmlns:xsi="http://www.w3.org/2001/XMLSchema-instance"
    xsi:schemaLocation="http://www.loc.gov/MARC21/slim http://www.loc.gov/standards/marcxml/schema/MARC21slim.xsd"
    xmlns="http://www.loc.gov/MARC21/slim">

  <leader>00942nam a22001577a 4500</leader>
  <controlfield tag="008">120924t        xxu||||| |||| 00| 0 eng d</controlfield>
  <datafield tag="020" ind1=" " ind2=" ">
    <subfield code="a">9781755296</subfield>
  </datafield>
  <datafield tag="050" ind1=" " ind2=" ">
    <subfield code="a">HD31.N971</subfield>
  </datafield>
  <datafield tag="100" ind1=" " ind2=" ">
    <subfield code="a">Nwachukwu, Celestine C.</subfield>
  </datafield>
  <datafield tag="245" ind1=" " ind2=" ">
    <subfield code="a">Management: theory and practice. /</subfield>
    <subfield code="c">Celestine C. Nwachukwu.</subfield>
  </datafield>
  <datafield tag="260" ind1=" " ind2=" ">
    <subfield code="a">Onitsha, Nigeria:</subfield>
    <subfield code="b">African First Publishers Limited,</subfield>
    <subfield code="c">2006.</subfield>
  </datafield>
  <datafield tag="300" ind1=" " ind2=" ">
    <subfield code="a">292 p. :</subfield>
    <subfield code="b">ill. ;</subfield>
    <subfield code="c">24 cm.</subfield>
  </datafield>
  <datafield tag="505" ind1=" " ind2=" ">
    <subfield code="a">Contents: Management: function and behaviour -- Evolution of management theory -- Planning -- Decision making -- Organising -- Organisation process --  Manpower in Organisations: Manpower situation in developing countries -- Selection process -- Employee training and development -- Directing Function: Directing -- Communication -- Motivation -- Employee productivity -- Organizational change -- The Control Function:Controlling -- Social responsibility -- Comparative management.</subfield>
  </datafield>
  <datafield tag="650" ind1=" " ind2=" ">
    <subfield code="a">Management.</subfield>
  </datafield>
  <datafield tag="942" ind1=" " ind2=" ">
    <subfield code="2">lcc</subfield>
    <subfield code="c">BK</subfield>
  </datafield>
  <datafield tag="999" ind1=" " ind2=" ">
    <subfield code="c">2364</subfield>
    <subfield code="d">9864</subfield>
  </datafield>
  <datafield tag="952" ind1=" " ind2=" ">
    <subfield code="0">0</subfield>
    <subfield code="1">0</subfield>
    <subfield code="2">lcc</subfield>
    <subfield code="4">0</subfield>
    <subfield code="7">0</subfield>
    <subfield code="a">WIUC-1</subfield>
    <subfield code="b">WIUC-1</subfield>
    <subfield code="c">REF</subfield>
    <subfield code="d">2012-09-24</subfield>
    <subfield code="l">0</subfield>
    <subfield code="o">HD31.N971</subfield>
    <subfield code="p">6111/12</subfield>
    <subfield code="r">2012-09-24 00:00:00</subfield>
    <subfield code="t">1</subfield>
    <subfield code="w">2012-09-24</subfield>
    <subfield code="y">BK</subfield>
  </datafield>
  <datafield tag="952" ind1=" " ind2=" ">
    <subfield code="0">0</subfield>
    <subfield code="1">0</subfield>
    <subfield code="2">lcc</subfield>
    <subfield code="4">0</subfield>
    <subfield code="7">0</subfield>
    <subfield code="a">WIUC-1</subfield>
    <subfield code="b">WIUC-1</subfield>
    <subfield code="c">REF</subfield>
    <subfield code="d">2012-09-24</subfield>
    <subfield code="l">0</subfield>
    <subfield code="o">HD31.N972</subfield>
    <subfield code="p">6112/12</subfield>
    <subfield code="r">2012-09-24 00:00:00</subfield>
    <subfield code="t">2</subfield>
    <subfield code="w">2012-09-24</subfield>
    <subfield code="y">BK</subfield>
  </datafield>
  <datafield tag="952" ind1=" " ind2=" ">
    <subfield code="0">0</subfield>
    <subfield code="1">0</subfield>
    <subfield code="2">lcc</subfield>
    <subfield code="4">0</subfield>
    <subfield code="7">0</subfield>
    <subfield code="a">WIUC-1</subfield>
    <subfield code="b">WIUC-1</subfield>
    <subfield code="c">REF</subfield>
    <subfield code="d">2012-09-24</subfield>
    <subfield code="l">0</subfield>
    <subfield code="o">HD31.N973</subfield>
    <subfield code="p">6113/12</subfield>
    <subfield code="r">2012-09-24 00:00:00</subfield>
    <subfield code="t">3</subfield>
    <subfield code="w">2012-09-24</subfield>
    <subfield code="y">BK</subfield>
  </datafield>
  <datafield tag="952" ind1=" " ind2=" ">
    <subfield code="0">0</subfield>
    <subfield code="1">0</subfield>
    <subfield code="2">lcc</subfield>
    <subfield code="4">0</subfield>
    <subfield code="7">0</subfield>
    <subfield code="a">WIUC-1</subfield>
    <subfield code="b">WIUC-1</subfield>
    <subfield code="c">REF</subfield>
    <subfield code="d">2012-09-24</subfield>
    <subfield code="l">0</subfield>
    <subfield code="o">HD31.N974</subfield>
    <subfield code="p">6114/12</subfield>
    <subfield code="r">2012-09-24 00:00:00</subfield>
    <subfield code="t">4</subfield>
    <subfield code="w">2012-09-24</subfield>
    <subfield code="y">BK</subfield>
  </datafield>
</record>
